00201nam a2200073Ia 4500008004100000082001800041245005500059300001300114230907s9999||||xx |||||||||||||| ||und|| a158.0721bADV 0aAdvanced research methods for applied psychology : apages cm